000 01576cam a22001814a 4500
005 20250605164023.0
008 250528s ||||||||||||||||||||||||d
035 _a16406
040 _aGR-AtMCL
_bgre
_dGR-AtMCL
_eAACR2
245 1 _aΗ Προοπτική
260 _bΑθήνα,
_c1980
300 _a152
520 _aΕισαγωγή, Το Προοπτικό, Ιστορική Εξέλιξη - Ρόλος Προοπτικής, Εισαγωγικές Γνώσεις, Γενικά, Προοπτικό Σχημάτων του e1, Προοπτικό Σχημάτων του Χώρου, Προοπτικό Κύκλου, Μεγέθυνση - Σμίκρυνση Προοπτικό, Προοπτικό Εσωτερικού Χώρου, Σχέσεις των Στοιχείων, Επιλογή Στοιχείων, Κάνναβος, Ανάκλαση, Σκιαγραφία Προοπτικού, Προοπτικό Ήλιου, Ερριμένη Σκιά Σημείου, Ερριμένη Σκιά Ευθύγραμμου Σχήματος, Εφαρμογές, Απλά Θέματα Σκιαγραφίας, Ερριμένη Σκιά Κύκλου - Εφαρμογές, Κατασκευή Προοπτικού Ήλιου H1, Προοπτική και Ομολογία, Προοπτική και Μέθοδος Monge, Προοπτική με Κεκλιμένο Πίνακα, Ανακατασκευή Ορθών Προβολών, Ευρετήριο, Βιβλιογραφία.
700 1 _aΛευκαδίτης Γεώργιος
_92500
942 _cBK
999 _c1908
_d1908